000 00506nam a2200181Ia 4500
008 090124s9999 xx 000 0 und d
082 _b27699
_a3644
100 _aभालेराव अनंत
245 _a मांदियाळी
250 _a1
260 _c1994
300 _a183
600 _aभालेराव अनंत
630 _a मांदियाळी
700 _aभालेराव अनंत
730 _a मांदियाळी
942 _cBOOK
999 _c141064
_d141064